|
|
|
|
| LEADER |
01055nam a22002897a 4500 |
| 001 |
32604 |
| 003 |
BD-DhAAL |
| 005 |
20211116125547.0 |
| 008 |
180117t1985 ja a|||| |||| 00| 0 jpn d |
| 999 |
|
|
|c 39027
|d 39027
|
| 020 |
|
|
|a 4061888412
|
| 040 |
|
|
|a BD-DhAAL
|
| 041 |
|
|
|a jpn
|a eng
|
| 082 |
|
|
|a 759.6
|
| 100 |
|
|
|a Dali, Salvador,
|d 1904-1989
|9 24877
|
| 245 |
|
|
|a Dali complete works :
|b the work the man
|n Vol.I, 1910-1933 /
|c Salvador Dali, Robert Descharnes
|
| 260 |
|
|
|a Japan :
|b Kodansha,
|c 1985.
|
| 300 |
|
|
|a xii, 152 pages :
|b color illustrations ;
|c 37 cm.
|
| 362 |
|
|
|a Vol.I
|
| 526 |
|
|
|a AAL
|
| 541 |
|
|
|a Development Book Agency
|e 32604
|
| 600 |
|
|
|a Dalí, Salvador,
|d 1904-1989
|9 24878
|
| 650 |
|
|
|a Architecture.
|9 42721
|
| 700 |
|
|
|a Descharnes, Robert
|9 24879
|
| 852 |
|
|
|a Ayesha Abed Library
|c General Stacks
|
| 942 |
|
|
|2 ddc
|c BK
|
| 952 |
|
|
|0 0
|1 0
|2 ddc
|4 0
|6 759_600000000000000_DAL
|7 0
|9 62617
|a BRACUL
|b BRACUL
|c GEN
|d 2018-01-14
|e Development Book Agency
|g 11000.00
|l 1
|m 3
|o 759.6 DAL
|p 3010032604
|r 2022-12-18
|s 2022-11-21
|t 1
|v 11000.00
|w 2018-01-14
|y BK
|